书目信息 |
| 题名: |
管理学
|
|
| 作者: | 周三多 主编 | |
| 分册: | ||
| 出版信息: | 北京 高等教育出版社 2018.03 |
|
| 页数: | 355页 | |
| 开本: | 26cm | |
| 丛书名: | ||
| 单 册: | ||
| 中图分类: | C93 , C93-43 | |
| 科图分类: | ||
| 主题词: | 管理学--高等学校--教材 | |
| 电子资源: | ||
| ISBN: | 978-7-04-049385-6 | |
| 000 | 00876nam0 2200289 450 | |
| 001 | 2436888447 | |
| 005 | 20240522103213.21 | |
| 010 | @a978-7-04-049385-6@dCNY45.00 | |
| 090 | @aC93@bzsd | |
| 096 | @aC93@bzsd | |
| 100 | @a20180423d2018 em y0chiy50 ea | |
| 101 | 0 | @achi |
| 102 | @aCN@b110000 | |
| 105 | @ay z 000yy | |
| 200 | 1 | @a管理学 @dManagement @f周三多主编 @zeng @9guan li xue |
| 205 | @a5版 | |
| 210 | @a北京@c高等教育出版社@d2018.03 | |
| 215 | @a355页@d26cm | |
| 300 | @a面向21世纪课程教材 高等学校工商管理类专业核心课程教材 | |
| 330 | @a本书包括总论、决策与计划、组织、领导、控制、创新等六篇内容。 | |
| 510 | 1 | @a=Management@zeng |
| 606 | 0 | @a管理学@x高等学校@j教材 |
| 690 | @aC93@v5 | |
| 690 | @aC93-43@v4 | |
| 701 | 0 | @a周三多@f(1933.11~)@4主编@9zhou san duo |
| 801 | 0 | @aCN@b河南城建学院图书馆@c20180423 |
| 905 | @a10447@dC93-43@eZ790=5 | |
| 管理学 =Management /周三多主编 .-5版.-北京:高等教育出版社,2018.03 |
| 355页;26cm |
| 面向21世纪课程教材 高等学校工商管理类专业核心课程教材 |
| ISBN 978-7-04-049385-6:CNY45.00 |
| 本书包括总论、决策与计划、组织、领导、控制、创新等六篇内容。 |
| ● |
| 相关链接 |
|
|
|
正题名:管理学
索取号:C93-43/Z790=5
 
预约/预借
| 序号 | 登录号 | 条形码 | 馆藏地/架位号 | 状态 | 备注 |
| 1 | 1548645 | 215486454 | 社科库509/509社科库 64排4列1层/ [索取号:C93-43/Z790=5] | 在馆 |